Sports Quiz

Random Sports or NFL Quiz

NFL First QB Drafted by Year Quiz Stats

 Plays Quiz Updated Apr 25, 2019

Score 0/37 Timer 04:00
10 Plays Today
Year Player % Correct
1998Peyton Manning
96.9%
2004Eli Manning
96.3%
2012Andrew Luck
94.1%
2008Matt Ryan
91.5%
2015Jameis Winston
90.4%
2009Matthew Stafford
90.3%
2018Baker Mayfield
90.2%
2005Alex Smith
89.6%
2019Kyler Murray
89.3%
2016Jared Goff
88.1%
2010Sam Bradford
88%
2006Vince Young
88%
2014Blake Bortles
86.3%
2007JaMarcus Russell
86.2%
2003Carson Palmer
85.8%
2001Michael Vick
84.7%
2017Mitchell Trubisky
80.7%
2002David Carr
78.6%
2013EJ Manuel
74.9%
Year Player % Correct
1993Drew Bledsoe
66.5%
1989Troy Aikman
66.5%
1999Tim Couch
66.4%
2000Chad Pennington
61.6%
1983John Elway
53.9%
1995Steve McNair
48.3%
2011Cam Newton
47.8%
1987Vinny Testaverde
40.8%
1984Boomer Esiason
40.6%
1985Randall Cunningham
38.3%
1990Jeff George
36%
1994Heath Shuler
20.6%
1997Jim Druckenmiller
15%
1992David Klingler
12.7%
1991Dan McGwire
9.7%
1996Tony Banks
8.8%
1986Jim Everett
8.6%
1988Chris Chandler
6.3%

You're not logged in!

Compare scores with friends on all Sporcle quizzes.
OR
Log In

Sporcle TV

Today on Sporcle TV


Watch our educational content, quiz creation guides, and fun videos on Sporcle TV.

Show Comments

Extras

Top Quizzes Today


Score Distribution

Your Account Isn't Verified!

In order to create a playlist on Sporcle, you need to verify the email address you used during registration. Go to your Sporcle Settings to finish the process.

Report this User

Report this user for behavior that violates our Community Guidelines.

Details: